000 00466nam a2200181Ia 4500
001 11051
005 20260306161917.0
008 260306t1960||||xx |||||||||||||| ||spa||
041 _aESP
082 _a985.001
_bR68A T. 2
100 _aRiva-Agüero y Osma, José de la
_eAUT
245 0 _aAfirmación del Perú:
_bfragmentos de in ideario
260 _c1960
300 _a278 páginas :
_c20 cm.
650 _aGEN
654 _aCHU
942 _cLIB
_dJUS
_fJUS
_2ddc
_n
999 _c11051
_d11051